000 01015nam a2200289Ia 4500
005 20220317000354.0
008 141031s9999 ck 000 0 spa d
020 _a9788428334310
082 0 4 _a631.3
_bJ35m
100 1 _aJiménez Álvarez, Luis
245 1 0 _aMantenimiento básico de instalaciones en explotaciones agrícolas
_cLuis Jiménez Álvarez, Alberto Moreno Vega, María Yolanda López Gálvez
250 _a1a. edición
300 _a77 páginas
504 _aBibliografía: páginas 73-77
650 1 4 _2LEMB
_aMaquinaria agrícola
_xMedidas de seguridad
650 1 4 _2LEMB
_aAgricultura
_xMedidas de seguridad
650 1 4 _2LEMB
_aRiesgos en la agricultura
650 1 4 _2LEMB
_aMaquinaria agrícola
650 1 4 _2LEMB
_aNormas técnicas
700 1 _aMoreno Vega, Alberto
_915946
942 _2ddc
_cBK
264 _a[Madrid]
_bParaninfo
_c2013
336 _atexto
_btxt
_2rdacontent
337 _asin mediación
_bn
_2rdamedia
338 _avolumen
_bnc
_2rdacarrier
040 _aCO-BoRNBP
_bspa
_erda
_cCO-BoRNBP
999 _c3859
_d3859